Modernización económica vs. modernización social : (Registro nro. 3707)

Detalles MARC
000 -LEADER
fixed length control field 01178nam a2200265Ia 4500
003 - CONTROL NUMBER IDENTIFIER
control field OSt
005 - DATE AND TIME OF LATEST TRANSACTION
control field 20200724003143.0
008 - FIXED-LENGTH DATA ELEMENTS--GENERAL INFORMATION
fixed length control field 191128s1994 ck ad fr 000 0 spa d
020 ## - INTERNATIONAL STANDARD BOOK NUMBER
International Standard Book Number 9586280934
040 ## - CATALOGING SOURCE
Original cataloging agency CO-JMCR
Transcribing agency CO-JMCR
041 0# - LANGUAGE CODE
Language code of text/sound track or separate title spa
082 04 - DEWEY DECIMAL CLASSIFICATION NUMBER
Classification number 338.9861 /
Item number S127m
Edition number 23
100 1# - MAIN ENTRY--PERSONAL NAME
Personal name Sáenz Rovner, Eduardo,
Relator term compilador
9 (RLIN) 7774
245 10 - TITLE STATEMENT
Title Modernización económica vs. modernización social :
Remainder of title balance crítico del gobierno de César Gaviria en Colombia /
Statement of responsibility, etc. Eduardo Sáenz Rovner ; Luis Ignacio Aguilar zambrano, Oscar Arcos, Alvaro Balcázar W. [y otros 13]
250 ## - EDITION STATEMENT
Edition statement Primera edición
260 ## - PUBLICATION, DISTRIBUTION, ETC.
Place of publication, distribution, etc. Bogotá :
Name of publisher, distributor, etc. Universidad Nacional de Colombia,
Date of publication, distribution, etc. 1994
300 ## - PHYSICAL DESCRIPTION
Extent 299 Páginas :
Other physical details gráficos a blanco y negro ;
Dimensions 21 cm.
300 ## - PHYSICAL DESCRIPTION
Other physical details
505 0# - FORMATTED CONTENTS NOTE
Formatted contents note Contexto político -- Política económica y apertura -- Sector industrial -- Sector agrícola -- Privatización -- Política social
651 #4 - SUBJECT ADDED ENTRY--GEOGRAPHIC NAME
Geographic name Colombia
Form subdivision ensayos, conferencias, etc.
General subdivision política económica
Chronological subdivision 1990-1994
9 (RLIN) 7775
700 1# - ADDED ENTRY--PERSONAL NAME
Personal name Luis Ignacio Aguilar Zambrano,
Relator term autor
9 (RLIN) 7776
700 1# - ADDED ENTRY--PERSONAL NAME
Personal name Oscar Arcos,
Relator term autor
9 (RLIN) 7777
700 1# - ADDED ENTRY--PERSONAL NAME
Personal name Alvaro Balcázar W.,
Relator term autor
9 (RLIN) 7778
942 ## - ADDED ENTRY ELEMENTS (KOHA)
Source of classification or shelving scheme Dewey Decimal Classification
Koha item type Books
Existencias
Withdrawn status Lost status Source of classification or shelving scheme Damaged status Not for loan Collection code Home library Current library Date acquired Source of acquisition Full call number Barcode Date last seen Copy number Koha item type Total Checkouts Price effective from
    Dewey Decimal Classification     Non-fiction Biblioteca Pública José María del Castillo y Rada Biblioteca Pública José María del Castillo y Rada 07/23/2018 Donación 338.9861 / S127m 201807697 05/16/2024 Ej.1 Books    
    Dewey Decimal Classification     Non-fiction Biblioteca Pública José María del Castillo y Rada Biblioteca Pública José María del Castillo y Rada 07/23/2018 Donación 338.9861 / S127m 430002636 05/16/2024 Ej.2 Books   07/24/2020